Pueblo Cofán (Registro nro. 4387)

Detalles MARC
000 -CABECERA
Campo de control 00759nam a2200265 a 4500
005 - FECHA Y HORA DE LA ULTIMA TRANSACCION
Campo de control 20160907152704.0
008 - ELEMENTOS DE LONGITUD FIJA—INFORMACION GENERAL
Campo de control 140123b2004 ck ||||| |||| 00| 0 spa d
041 ## - IDIOMA
Código de idioma para texto/pista de sonido o título separado Español
044 ## - PAÍS DE PUBLICACIÓN
País de publicación Colombia
090 ## - CLASIFICACIÓN LOCAL
Colección IAVH
Consecutivo 00326
100 ## - ASIENTO PRINCIPAL--NOMBRE PERSONAL
Nombre personal Tobar , María Elena
245 ## - MENCION DE TITULO
Título Pueblo Cofán
Parte restante del título los navegantes del río Putumayo
260 ## - PUBLICACION, DISTRIBUCION, ETC. (PIE DE IMPRENTA)
Lugar de publicación, distribución, etc. Bogotá
Nombre del editor, distribuidor, etc. Instituto de Investigación de Recursos Biológicos Alexander von Humboldt
Fecha de publicación, distribución, etc. 2004
300 ## - DESCRIPCION FISICA
Extensión 189 p.
505 ## - NOTA DE CONTENIDO
Nota de contenido Vol. 1 Andes
505 ## - NOTA DE CONTENIDO
Nota de contenido Vol. 2 Caribe
505 ## - NOTA DE CONTENIDO
Nota de contenido Vol. 3 Amazonas
505 ## - NOTA DE CONTENIDO
Nota de contenido Vol. 2 Caribe
505 ## - NOTA DE CONTENIDO
Nota de contenido Vol. 3 Amazonas
700 ## - ASIENTO SECUNDARIO - NOMBRE PERSONAL
Nombre personal Pérez, Diego
700 ## - ASIENTO SECUNDARIO - NOMBRE PERSONAL
Nombre personal Giraldo, Marcela
700 ## - ASIENTO SECUNDARIO - NOMBRE PERSONAL
Nombre personal Pérez, Angela
942 ## - ELEMENTOS ADICIONALES (KOHA)
Tipo de ítem CD-ROM
Sistema de clasificación Local
Koha issues (borrowed), all copies 2
945 ## - PROCESAMIENTO LOCAL
AAAA-MM-DD - Fecha de ingreso o modificacion 2005-04-08
Existencias
Withdrawn status Lost status Sistema de Clasificación Damaged status No para préstamo Colección Inventariado Ubicación Permanente Ubicación actual Fecha de adquisición Fuente de Valor Valor Total Checkouts Número topográfico Inventario / Código de Barras Date last seen Ejemplar Price effective from Forma de adquisición Tipo de material Date checked out Total Renewals
    Dewey Decimal Classification     Humboldt   Bogotá Bogotá 08/04/2005 CID Humboldt     IAVH-986.0003 T62p 017745 04/12/2012 Ej. 1 04/12/2012 Institucional Libro    
    Dewey Decimal Classification     Humboldt   Bogotá Bogotá 08/04/2005 CID Humboldt   1 IAVH-986.0003 T62p 017746 14/05/2014 Ej. 2 04/12/2012 Institucional Libro 14/05/2014  
    Dewey Decimal Classification     Humboldt   Bogotá Bogotá 08/04/2005 CID Humboldt   1 IAVH-986.0003 T62p 017747 10/06/2014 Ej. 3 04/12/2012 Institucional Libro 10/06/2014 1
    Dewey Decimal Classification     Humboldt Inventariado 2017 Sala Fabio Quevedo Sala Fabio Quevedo 18/07/2014 Instituto 30000.00   IAVH-986.0003 T62p 017743 04/12/2012 Ej. 4 04/12/2012   Libro    
    Dewey Decimal Classification     Humboldt Inventariado 2017 Sala Fabio Quevedo Sala Fabio Quevedo 18/07/2014 Instituto 30000.00   IAVH-986.0003 T62p 017744 04/12/2012 Ej. 5 04/12/2012   Libro    
    Local     Humboldt Inventariado 2017 Villa de Leyva Villa de Leyva 08/04/2005 Instituto 30000.00   IAVH-00326 017742 04/12/2012 Ej. 1 04/12/2012   Libro